| 000 | 01634nam a22004697a 4500 | ||
|---|---|---|---|
| 001 | 4452321 | ||
| 003 | OSt | ||
| 005 | 20210421054916.0 | ||
| 008 | 950927s1995 nyuabf 001 0beng | ||
| 010 | _a 95030003 | ||
| 020 | _a0465008941 | ||
| 020 | _a046500895X | ||
| 040 |
_aeng _cDLC _deng _beng |
||
| 041 | 1 |
_aeng _hger |
|
| 043 |
_ae------ _aff----- _aaw----- |
||
| 050 | 0 | 0 |
_aDG261 _b.M3713 1995 |
| 080 |
_a92 _bM-50 |
||
| 082 | 0 | 0 |
_a937/.05/092 _221 |
| 100 | 1 |
_aMeier, Christian, _d1929- |
|
| 240 | 1 | 0 |
_aCaesar. _lEnglish |
| 245 | 1 | 0 |
_aCaesar / _cChristian Meier ; translated from the German by David McLintock. |
| 260 |
_aNew York : _bBasicBooks/HarperCollins, _c[1995]. |
||
| 300 |
_a513 p., 16 p. of plates : _bill., maps ; _c24 cm. |
||
| 365 | _b17 usd | ||
| 500 | _aOriginally published : United Kingdom : HarperCollins, 1995. | ||
| 500 | _aTranslation of the 3rd German pbk. ed. | ||
| 500 | _aIncludes index. | ||
| 600 | 1 | 0 | _aCaesar, Julius. |
| 650 | 0 |
_aStatesmen _zRome _xBiography. |
|
| 650 | 0 |
_aBiography _9237 |
|
| 650 | 0 |
_aHistory _9252 |
|
| 650 | 0 |
_aGenerals _zRome _xBiography. |
|
| 651 | 0 |
_aRome _xHistory _yRepublic, 265-30 B.C. |
|
| 653 | _aბიოგრაფია | ||
| 653 | _aისტორია | ||
| 653 | _aძველი რომი | ||
| 700 |
_9488 _aMcLintock, David _eTranslator |
||
| 856 | 4 | 2 |
_3Publisher description _uhttp://www.loc.gov/catdir/enhancements/fy0831/95030003-d.html |
| 906 |
_a7 _bcbc _corignew _d1 _eocip _f19 _gy-gencatlg |
||
| 942 |
_2udc _cBK |
||
| 999 |
_c608 _d608 |
||